000 00280 a2200133 4500
001 65689
020 _a857520092-5
040 _cAnchieta - Pituba
240 1 0 _aBíblia Infantil
_lpor
245 1 0 _aBíblia Infantil
300 _a124
650 4 _aLiteratura juvenil
942 _cBK
999 _c65689
_d65689